Online Catalogue and eLibrary

The people's rights : (Record no. 534)

MARC details
000 -LEADER
fixed length control field 00666cam a2200205 i 4500
001 - CONTROL NUMBER
control field 4187481
005 - DATE AND TIME OF LATEST TRANSACTION
control field 20240304013242.0
008 - FIXED-LENGTH DATA ELEMENTS--GENERAL INFORMATION
fixed length control field 810306s1979 ce 001 0 eng
040 ## - CATALOGING SOURCE (பட்டியலாக்க மூலம்)
Original cataloging agency DLC
Transcribing agency DLC
Modifying agency DLC
082 00 - DDC Classification
Class No. 323.4.
DDC Edition Number 19
Item Number - Author Mark THE.
245 14 - TITLE STATEMENT
Title The people's rights :
Remainder of title documents of the Civil Rights Movement of Sri Lanka, 1971 to 1978 /
Statement of responsibility, etc. edited by Kumari Jayawardena and Suriya Wickremasinghe.
250 ## - EDITION STATEMENT
Edition statement English language ed.
260 ## - PUBLICATION, DISTRIBUTION, ETC.
Place of publication, distribution, etc. Colombo :
Name of publisher, distributor, etc. The Movement,
Date of publication, distribution, etc. 1979.
300 ## - PHYSICAL DESCRIPTION
Extent (e.g. Volumes, Pages etc.) 148 p. ;
500 ## - GENERAL NOTE
General note Includes index.
650 #0 - SUBJECT ADDED ENTRY--TOPICAL TERM
Topical term or geographic name entry element Civil rights movements
700 1# - ADDED ENTRY--PERSONAL NAME
Personal name Jayawardena, Kumari.
Relator term (Role) Editor
700 1# - ADDED ENTRY--PERSONAL NAME
Personal name Wickremasinghe, Suriya.
Relator term (Role) Editor
942 ## - Koha item type (Biblio)
Koha item type Books in Stacks (Lending)
Holdings
Lost status Damaged status Collection code Home library Current library Date acquired Full call number Accession Number Item type
    Lending WERC Library WERC Library 03/04/2024 323.4. THE. 440 Books in Stacks (Lending)

© WERC Library